Estatísticas para Países com Mais Elefantes na Natureza

Clique aqui para jogar o quiz

Estatísticas Gerais

  • Esse quiz foi jogado 2 069 vezes
  • A pontuação média é 12 de 21

Estatísticas das Respostas

#País% Correto
19,000África do Sul
92%
29,000Índia
87%
6,000República do Congo
83%
11,000Moçambique
73%
83,000Zimbábue
70%
23,000Quênia
69%
130,000Botswana
68%
51,000Tanzânia
68%
22,000Zâmbia
68%
23,000Namíbia
67%
4,900Uganda
59%
2,900Tailândia
55%
2,900Indonésia
53%
6,800Camarões
49%
7,100Gabão
49%
7,100Sudão do Sul
46%
4,500Birmânia
40%
2,600Malásia
40%
3,800Sri Lanka
30%
3,000Benim
21%
6,900Burkina Faso
21%

Distribuição das Pontuações

Percentil de Números Respondidos

Porcentagem de Pessoas com Cada Pontuação

Sua Pontuação Histórica

Você não jogou esse quiz